La psicología profunda /
Guardado en:
| Autor Principal: | |
|---|---|
| Otros Autores: | |
| Formato: | Libro |
| Publicado: |
Argentina :
Paidos,
1966
|
| Materias: | |
| Etiquetas: |
Agregar Etiqueta
Sin Etiquetas, Sea el primero en etiquetar este registro!
|
| LEADER | 00480nam a22001815a 4500 | ||
|---|---|---|---|
| 001 | CEM.cems003449 | ||
| 005 | 19000101000000.0 | ||
| 008 | 130507s1966##################000#0#####d | ||
| 003 | CEMS | ||
| 082 | 0 | 4 | |a 150.19 |
| 100 | 1 | |a Janet, P. | |
| 245 | 1 | 0 | |a La psicología profunda / |c P. Janet |
| 260 | |a Argentina : |b Paidos, |c 1966 | ||
| 300 | |a 100 p. | ||
| 653 | |a Psicoanalisis | ||
| 653 | |a Psicologia | ||
| 700 | 1 | |a Flugel, J. C. | |
| 859 | |a CEMS |b BIB. CEMS - 11 de abril |h 150.19 |i J254 |p 400.73 |t Ej.1 | ||
